000 01119nam a2200253Ia 4500
001 23201
003 GE_BSU
008 181216s||||||||xx |||||||||||||| ||und||
040 _cGE_BSU
080 _a821.353.1.09
100 _aმურღულია, გია.გიორგი ალიბეგაშვილი, ვასილ მაღლაფერიძე
245 _aსაუბრები ძველ ქართულ ლიტერატურაზე
245 _bდამხმ. სახელმძღვ. ქართ. ლიტერატურაში
245 _cრედ.: რ. სირაძე
260 _aთბილისი
260 _bგანათლება
260 _c1992
300 _a316 გვ. 21 სმ.
541 _h10 ლ.
653 _aსაუბრები ძველ ქართულ ლიტერატურაზე
653 _aქართული ლიტერატურა
653 _aქართული ლიტერატურის ისტორია და კრიტიკა.
942 _cBK
999 _c56100
_d56100